Proměny mediálního obrazu vysokého školství v letech 1989-2008
Rok 1989 - príprava zmien v duchu komunizmu. Rok 1990 - porevolučné zmeny. Rok 1998 - nástup masového školstva. Rok 2008 na ceste k unievrzalite.
Enregistré dans:
| Auteur principal: | |
|---|---|
| Format: | Chapitre de livre |
| Langue: | tchèque |
| Sujets: | |
| Tags: |
Pas de tags, Soyez le premier à ajouter un tag!
|
MARC
| LEADER | 00000naa$a2200000$$$4500 | ||
|---|---|---|---|
| 001 | 0090337 | ||
| 005 | 20230919104907.2 | ||
| 041 | 0 | |a cze | |
| 044 | |a CZ | ||
| 245 | 1 | 0 | |a Proměny mediálního obrazu vysokého školství v letech 1989-2008 |c Jan Beseda |
| 520 | |a Rok 1989 - príprava zmien v duchu komunizmu. Rok 1990 - porevolučné zmeny. Rok 1998 - nástup masového školstva. Rok 2008 na ceste k unievrzalite. | ||
| 610 | 2 | 0 | |a školy vysoké |
| 610 | 2 | 0 | |a študenti |
| 610 | 2 | 0 | |a vývoj spoločenský |
| 610 | 2 | 0 | |a regióny |
| 100 | 1 | |a Beseda, Jan | |